00694naa a2200229 a 450000100080000000500110000800800410001910000210006024500860008126000090016765300260017665300200020265300210022265300270024370000180027070000200028870000200030870000180032870000190034670000140036577300850037910708902010-07-13 2009 bl uuuu u00u1 u #d1 aMELO, P.C. T. de aDesempenho de cultivares de tomateiro em sistema org??nico sob cultivo protegido. c2009 aAgricultura org??nica aAgroecossistema aManejo org??nico aSolanum lycopersicon L1 aTAMISIO, L.G.1 aAMBROSANO, E.J.1 aSCHAMMASS, E.A.1 aINOMOTO, M.M.1 aSASAKI, M.E.M.1 aROSSI, F. tHorticultura Brasileira, Bras??lia, DFgv. 27, n. 4, p. 553-559, out./dez, 2009.